000 01193cam a2200349 i 4500
003 EG-GICUC
005 20260225101450.0
008 981028s1998 nyu frb 000 0 eng d
020 _a1578230144
020 _a9781578230143
040 _aDLC
_cDLC
_dDLC
_dEG-GICUC
_beng
_erda
050 0 0 _aK2400.A35
_bS63 1998
082 0 0 _a347.224
_221
092 0 4 _221
099 _aLaw 12 1998
100 1 _aSmit, Hans.
245 1 0 _aInternational arbitration treaties /
_cH. Smit, V. Pechota.
264 _a[Yonkers, N.Y.] :
_bJuris Pub. ;
_a[London] :
_bSweet & Maxwell,
_c1998.
300 _axiv, 311 pages ;
_c27 cm.
336 _atext
_2rdacontent
337 _aComputer
_2rdamedia
338 _aOnline Resource
_2rdacarrier
490 1 _aSmit's guides to international arbitration,
_x1050-3900 ;
_vunit 5
504 _aIncludes bibliographical references (p. 264-279).
650 0 _aInternational commercial arbitration.
650 0 _aArbitration and award.
700 1 _aPěchota, Vratislav.
830 0 _aSmit's guides to international arbitration series ;
_vunit 5.
856 4 0 _uhttps://fll.law.cu.edu.eg/fulltext/bks/ENGB12-00031.pdf
905 _a10
942 _2ddc
_cBK
_e21
_n0
999 _c64174
_d64174